• 首页
  • 本馆介绍
  • 公告通知
  • 最新文献
  • 馆藏检索
  • 电子资源
  • 读者导购
  • 参考咨询
  • 我的图书馆
  • 登录
  • 详细信息显示
  • 放入我的书架
  • 预约/预借图书
  • 作者相关作品
  • 分类相关作品
  • 丛书相关作品
  • 出版社相关作品

书目信息

  • 表格格式
  • 工作单格式
  • 卡片格式
题名:
志摩的诗
    
 
作者: 徐志摩 著
分册:  
出版信息: 北京   煤炭工业出版社  2018
页数: 272页
开本: 24cm
丛书名:
单 册:
中图分类: I226.1
科图分类:
主题词: 新诗--诗集--中国--现代
电子资源:
ISBN: 978-7-5020-6770-0
000 00614nam0 2200229 450
001 012001008019
005 20131021173834.0
010    @a978-7-5020-6770-0@dCNY34.80
100    @a20190305d2018 em y0chiy50 ea
101 0  @achi
102    @aCN@b110000
105    @ay z 000gy
106    @ar
200 1  @a志摩的诗@9zhi mo de shi@b专著@f徐志摩著
210    @a北京@c煤炭工业出版社@d2018
215    @a272页@d24cm
300    @a徐志摩作品精选
606 0  @a新诗@x诗集@y中国@z现代
690    @aI226.1@v5
701  0 @a徐志摩@9xu zhi mo@4著
801  2 @aCN@b上海新华@c20191020
905    @b1177746-9@dI226.1@e115@f4
    
    志摩的诗/徐志摩著.-北京:煤炭工业出版社,2018
    272页;24cm
    徐志摩作品精选
    
    ISBN 978-7-5020-6770-0:CNY34.80
    
●
相关链接 在E读中查询图书 在五车中查询图书 在当当中查询图书 在豆瓣中查询图书


正题名:志摩的诗     索取号:I226.1/115         预约/预借

序号 登录号 条形码 馆藏地/架位号 状态 备注
1 1177746   211777460   第一样本阅览室/ [索取号:I226.1/115] 在馆    
2 1177747   211777479   第二借阅区/ [索取号:I226.1/115] 在馆    
3 1177748   211777488   第二借阅区/ [索取号:I226.1/115] 在馆    
4 1177749   211777497   第二借阅区/ [索取号:I226.1/115] 在馆    
唐山师范学院图书馆 欢迎您!
大连网信软件有限公司© 版权所有